01699nam a2200433Ic 450000100060000000300100000600500170001600700030003300800410003602000180007704000350009504100130013008200200014310000310016324502630019424600810045725000220053826400400056030000580060033600270065833700330068533800280071849000170074650000520076350400410081552100410085654500700089765000280096765000310099565000210102670000270104770000280107470000370110270000240113970000220116370000260118570000270121170000270123859813CO-BoRNBP20251106205656.0ta210826s2018 sp ao er 000 0 spa d a9788417254100 aCO-BoRNBPbspaerdacCO-BoRNBP1 aspaheng0 a576.5bW23c222 aWeitzman, Jonathan B.eaut10a50 descubrimientos de la genética para entender nuestros orígenes /cJonathan y Matthew Weitzman ; prólogo Rodney Rothstein ; colaboradores Thomas Bourgeron... [y otros siete] ; ilustraciones Steve Rawlings ; traducción, Eva María Cantenys Félez.32aCincuenta descubrimientos de la genética para entender nuestros orígenes aPrimera edición 1aBarcelona, España :bBlume,c2018 a160 páginas :bilustraciones fotografías en color atextobtxt2rdacontent asin mediaciónbn2rdamedia avolumenbnc2rdacarrier0 aGuía Breve aIncluye glosario al comienzo de cada capítulo aIncluye referencias bibliográficas aRecomendado para un público adulto aIncluye datos biográficos de los autores en la contracarátula07aGenética humana2lemb07aGenética molecular2lemb07aGenética2lemb aBourgeron, Thomasectb aBrooker, Robert J.ectb aCourtier-Orgogozo, Virginieectb aFriscer, Alainectb aHeard, Edithectb aSanders, Mark F.ectb aVeitia, Reiner A.ectb aWeitzman, Mattheweaut